000 01609cam a2200445 a 4500
999 _c807
_d807
001 (Sirsi) a713801
003 OSt
005 20191220091033.0
008 110901s2010 nyua c 000 1 eng d
010 _a2010010519
020 _a9780316076258 (hard) :
020 _a0316076252 (hard) :
040 _aDLC
_cDLC
_dIG#
_dBTCTA
_dGO3
_dON8
_dABG
_dTAE
042 _anbic
082 _aFIC BOS
100 1 _aBosch, Pseudonymous.
_eauthor
245 1 0 _aThis isn't what it looks like /
_cPseudonymous Bosch ; illustrations by Gilbert Ford.
246 3 _aThis is not what it looks like.
250 _a1st ed.
260 _aNew York :
_bLittle, Brown,
_c2010.
300 _a423 p. :
_bill. ;
_c20 cm.
490 0 _aSecret series ;
_vbk. 4.
500 _aSequel to: This book is not good for you.
520 _aCass finds herself alone and disoriented in a dream-like world, while back at home she is in the hospital in a coma with Max-Ernest desperately searching for a way to awaken her.
521 1 _a9-12.
650 0 _aTime travel
_vJuvenile fiction.
650 0 _aAdventure and adventurers
_vJuvenile fiction.
650 0 _aMagic
_vJuvenile fiction.
650 0 _aImmortality
_vJuvenile fiction.
650 0 _aChocolate
_vJuvenile fiction.
650 0 _aChildren's stories.
650 1 _aTime travel
_vFiction.
650 1 _aAdventure and adventurers
_vFiction.
650 1 _aMagic
_vFiction.
650 1 _aImmortality
_vFiction.
650 1 _aChocolate
_vFiction.
700 1 _aFord, Gilbert,
_eillustrator
800 1 _aBosch, Pseudonymous.
_tSecret series ;
_vbk. 4.
942 _2ddc
_cFIC